| 000 | 01502ntaaa2200409 4500 | ||
|---|---|---|---|
| 003 | 01 | ||
| 005 | 20251027203220.0 | ||
| 008 | 0714s1973 ag 01 | ||
| 040 |
_aAR-BaBN _bspa _cAR-BaBN _eaacr _dRIC |
||
| 082 | _a286.182 C16 (1) | ||
| 082 | _a286.182 C16 (2) | ||
| 100 |
_aCanclini, Arnoldo _938 |
||
| 245 |
_aBautistas Argentinos : _bOrigen y desarrollo / _cArnoldo Canclini |
||
| 250 | _a1ª ed. | ||
| 260 |
_aBuenos Aires : _bConvención Evangélica Bautista Argentina, _c2008 |
||
| 300 | _a283 p. | ||
| 505 | _tEl precursor: Diego Thompson | ||
| 505 | _tIntérvalo | ||
| 505 | _tLa vertiente europea (I). Los galeses del chubut: la primera iglesia | ||
| 505 | _tLa vertiente europea (II). Independientes y la misión irlandesa | ||
| 505 | _tLa vertiente europea (III). Pablo Besson | ||
| 505 | _tLa vertiente europea (IV). Los alemanes del Volga | ||
| 505 | _tLa vertiente norteamericana. Los bautistas del sur | ||
| 505 | _tLa vertiente nacional | ||
| 505 | _tAlgunas reflexiones | ||
| 505 | _tLa convención: vida institucional | ||
| 505 | _tLas iglesias: vida congregacional | ||
| 505 | _tRepaso conciso de la historia congregacional (1930-2008) | ||
| 650 |
_aCONVENCION EVANGELICA BAUTISTA ARGENTINA _922880 |
||
| 650 |
_aCENTENARIO 1908-2008 _934201 |
||
| 650 |
_aDIEGO THOMPSON _934202 |
||
| 650 |
_aMISION IRLANDESA _934203 |
||
| 650 |
_aORIGEN CONVENCION _934204 |
||
| 650 |
_aALEMANES DEL VOLGA _934205 |
||
| 650 |
_aBAUTISTAS DEL SUR _922751 |
||
| 942 | _cBK | ||
| 999 |
_c27605 _d27605 |
||